[Event "24th 4NCL Congress"]
[Site "Harrogate"]
[Date "2020.01.18"]
[Round "3.15"]
[White "Jones, Neil T"]
[Black "Murphy, Ross"]
[Result "1/2-1/2"]
[WhiteElo "1806"]
[BlackElo "1639"]
[PlyCount "82"]
[EventDate "2020.01.17"]

1. e4 Nf6 2. e5 Nd5 3. d4 d6 4. Nf3 dxe5 5. Nxe5 c6 6. Be2 Bf5 7. a3 e6 8. c4
Nb6 9. Nc3 Be7 10. O-O O-O 11. Be3 N8d7 12. Nf3 Nf6 13. Nh4 Bg6 14. Nxg6 hxg6
15. b3 Qc7 16. Bf3 Rad8 17. Qc2 Rd7 18. a4 Rfd8 19. g3 Nc8 20. a5 a6 21. Na4 e5
22. dxe5 Qxe5 23. Qb2 Qf5 24. Qe2 Qd3 25. Qxd3 Rxd3 26. Rab1 Bb4 27. Be2 R3d7
28. Nb6 Re7 29. Rfd1 Rxd1+ 30. Bxd1 Nxb6 31. axb6 Rd7 32. Be2 Bd2 33. Bxd2 Rxd2
34. Bf3 Nd7 35. Re1 Kf8 36. b4 Nxb6 37. b5 axb5 38. cxb5 Nd5 39. bxc6 bxc6 40.
Rc1 Rd3 41. Bg2 Rc3 1/2-1/2

[Event "24th 4NCL Congress"]
[Site "Harrogate"]
[Date "2020.01.18"]
[Round "3.16"]
[White "Walshaw, David"]
[Black "Cawston, M John"]
[Result "1-0"]
[WhiteElo "1631"]
[BlackElo "1778"]
[PlyCount "41"]
[EventDate "2020.01.17"]

1. e4 c5 2. Nf3 e6 3. d4 cxd4 4. Nxd4 a6 5. Be3 Qc7 6. Be2 Nf6 7. Bf3 Nc6 8.
Nxc6 dxc6 9. O-O Be7 10. Nd2 O-O 11. Qe2 e5 12. Rfd1 Be6 13. Nb3 c5 14. c4 Rad8
15. Nd2 Rd7 16. b3 Rfd8 17. Rac1 Rd3 18. Nb1 Qd7 19. Nc3 Bg4 20. Rxd3 Qxd3 21.
Bxg4 1-0

[Event "24th 4NCL Congress"]
[Site "Harrogate"]
[Date "2020.01.18"]
[Round "3.17"]
[White "Dean, Robert A"]
[Black "Connor, Michael I"]
[Result "0-1"]
[WhiteElo "1771"]
[BlackElo "1576"]
[PlyCount "90"]
[EventDate "2020.01.17"]

1. e4 Nf6 2. e5 Nd5 3. d4 d6 4. c4 Nb6 5. exd6 cxd6 6. Nc3 g6 7. Be3 Bg7 8. Rc1
O-O 9. Be2 Nc6 10. Nf3 Bg4 11. b3 e6 12. O-O d5 13. c5 Nc8 14. Qd2 N8e7 15. h3
Bxf3 16. Bxf3 Nf5 17. Ne2 h6 18. g3 Qf6 19. Rcd1 Nfxd4 20. Nxd4 Nxd4 21. Bxd5
Rad8 22. Bxd4 Qxd4 23. Qa5 Qe5 24. Bxb7 Qb8 25. c6 Be5 26. Kg2 Bc7 27. Qc3 e5
28. b4 f5 29. b5 f4 30. a4 f3+ 31. Kh2 e4 32. Qc4+ Kg7 33. Qxe4 Bd6 34. Qc4 Qc7
35. Qd4+ Kh7 36. Qxa7 Rde8 37. Kg1 Rf7 38. b6 Qe7 39. Qa5 Rf5 40. Qd2 Rf6 41.
c7 Qe6 42. Kh2 Qf5 43. c8=Q Bxg3+ 44. Kh1 Rfe6 45. Qxe8 Qxh3+ 0-1

[Event "24th 4NCL Congress"]
[Site "Harrogate"]
[Date "2020.01.18"]
[Round "3.19"]
[White "May, Paul"]
[Black "Harris, John"]
[Result "1-0"]
[WhiteElo "1753"]
[BlackElo "1556"]
[PlyCount "78"]
[EventDate "2020.01.17"]

1. d4 Nf6 2. c4 g6 3. Nc3 Bg7 4. e4 O-O 5. Be2 c6 6. e5 Ne8 7. f4 d6 8. Nf3 f6
9. exd6 Nxd6 10. O-O f5 11. Ne5 c5 12. d5 Nd7 13. Nf3 Nb6 14. Qb3 e6 15. Rd1
exd5 16. Nxd5 Nxd5 17. cxd5 Re8 18. Bb5 Bd7 19. Bxd7 Qxd7 20. Ng5 Bd4+ 21. Kf1
Rac8 22. Ne6 Bf6 23. Bd2 c4 24. Qc2 c3 25. bxc3 Ne4 26. Be1 Nxc3 27. Bxc3 Rxc3
28. Qd2 Rec8 29. Rac1 Qb5+ 30. Kg1 Qc4 31. Rxc3 Bxc3 32. Qe3 b6 33. Ng5 Rf8 34.
Qe6+ Kh8 35. Nf7+ Kg7 36. Ng5 Bd4+ 37. Kh1 Kh8 38. Qe7 Bg7 39. Ne6 Qe2 1-0

[Event "24th 4NCL Congress"]
[Site "Harrogate"]
[Date "2020.01.18"]
[Round "3.20"]
[White "Tarbuck, Laurence Jm"]
[Black "Robinson, Brian"]
[Result "1-0"]
[WhiteElo "1713"]
[BlackElo "1573"]
[PlyCount "103"]
[EventDate "2020.01.17"]

1. d4 Nf6 2. c4 e6 3. Nc3 d5 4. e3 Be7 5. Nf3 O-O 6. Qc2 b6 7. cxd5 exd5 8. Be2
Be6 9. O-O h6 10. a3 c5 11. b3 Nbd7 12. Bb2 Rc8 13. Ba6 Rb8 14. Nb5 Ra8 15.
Rac1 Ne4 16. Nc3 Ndf6 17. Nxe4 Nxe4 18. Ne5 Qd6 19. f3 Nf6 20. Rfd1 Bc8 21.
dxc5 bxc5 22. Bxc8 Rfxc8 23. e4 d4 24. Nd3 Qb6 25. Qc4 Qb7 26. Rc2 Rab8 27. a4
Qxb3 28. Qxb3 Rxb3 29. Bxd4 c4 30. Nc1 Rb7 31. Bxf6 Bxf6 32. Ne2 Rb4 33. a5 Ra4
34. Rd5 Bd8 35. Nc3 Rxa5 36. Rxa5 Bxa5 37. Kf2 Kf8 38. Ke3 Bb6+ 39. Kd2 Ke8 40.
Nb5 Kd7 41. Na3 c3+ 42. Kd3 Ba5 43. Nb5 a6 44. Nxc3 Rxc3+ 45. Rxc3 Bxc3 46.
Kxc3 Kc6 47. Kb4 Kb6 48. f4 h5 49. g3 f6 50. e5 h4 51. gxh4 a5+ 52. Ka4 1-0

[Event "24th 4NCL Congress"]
[Site "Harrogate"]
[Date "2020.01.18"]
[Round "3.21"]
[White "Baxter, Harry"]
[Black "O'gorman, Brendan"]
[Result "1/2-1/2"]
[WhiteElo "1861"]
[BlackElo "1632"]
[PlyCount "216"]
[EventDate "2020.01.17"]

1. Nf3 c5 2. e4 e6 3. d4 cxd4 4. Nxd4 Nf6 5. Nc3 Nc6 6. Nxc6 bxc6 7. Bd3 d5 8.
O-O Be7 9. f4 O-O 10. e5 Nd7 11. Na4 c5 12. c4 d4 13. Be4 Rb8 14. Qf3 Qc7 15.
b3 Bb7 16. Nb2 Bxe4 17. Qxe4 Qb7 18. Qxb7 Rxb7 19. Nd3 a5 20. Nb2 f6 21. exf6
Bxf6 22. Nd3 a4 23. bxa4 Ra8 24. Ba3 Rxa4 25. Bxc5 Rxc4 26. Rfc1 Ra4 27. a3 Rb3
28. Ne5 Nxc5 29. Rxc5 Bxe5 30. Rxe5 Rbxa3 31. Rxa3 Rxa3 32. Rxe6 Ra1+ 33. Kf2
Ra2+ 34. Re2 Ra7 35. Rd2 Rd7 36. Kf3 Kf7 37. Ke4 Re7+ 38. Kxd4 Kf6 39. g4 g6
40. Rc2 h5 41. h3 hxg4 42. hxg4 Re1 43. Rc6+ Kg7 44. g5 Re7 45. Rd6 Re8 46.
Rd7+ Kg8 47. Rc7 Re2 48. Kd5 Re1 49. Rc4 Kf7 50. Re4 Rd1+ 51. Ke5 Rd7 52. Rd4
Re7+ 53. Kd5 Re1 54. Re4 Rd1+ 55. Ke5 Rd7 56. Rb4 Re7+ 57. Kd5 Re1 58. Rb7+ Kg8
59. Rb6 Kg7 60. Re6 Rd1+ 61. Ke5 Re1+ 62. Kd6 Rd1+ 63. Ke7 Rd4 64. Rf6 Re4+ 65.
Kd6 Re1 66. Kd5 Re2 67. Kd4 Re1 68. Rc6 Re7 69. Rc5 Re1 70. Rc7+ Kg8 71. Kd3
Re8 72. Rc5 Re1 73. Re5 Rd1+ 74. Ke3 Ra1 75. Kf3 Rf1+ 76. Kg3 Rg1+ 77. Kf2 Ra1
78. Re2 Kf7 79. Kf3 Rf1+ 80. Rf2 Rg1 81. Rg2 Rf1+ 82. Kg4 Kg7 83. Rg3 Rf2 84.
Rc3 Rf1 85. Rc7+ Kg8 86. Rc6 Kg7 87. Rf6 Rf2 88. Kg3 Rf1 89. Kg2 Ra1 90. Rd6
Ra3 91. Kf2 Rb3 92. Ke2 Ra3 93. Rd7+ Kg8 94. Rd3 Ra1 95. Rd1 Ra3 96. Rd3 Ra1
97. Ke3 Re1+ 98. Kd4 Kf7 99. Re3 Rd1+ 100. Ke4 Rd7 101. Ke5 Re7+ 102. Kd4 Rd7+
103. Kc5 Rd1 104. Re4 Rd2 105. Rd4 Re2 106. Kd5 Re7 107. Re4 Rd7+ 108. Kc6 Rd1
1/2-1/2

[Event "24th 4NCL Congress"]
[Site "Harrogate"]
[Date "2020.01.18"]
[Round "3.22"]
[White "English, Andrew Jp"]
[Black "Tomlinson, Zak"]
[Result "0-1"]
[WhiteElo "1450"]
[BlackElo "1745"]
[PlyCount "72"]
[EventDate "2020.01.17"]

1. c4 e5 2. g3 Nf6 3. Bg2 c6 4. d4 Bb4+ 5. Bd2 Qe7 6. dxe5 Bxd2+ 7. Qxd2 Qxe5
8. Nf3 Qe7 9. O-O O-O 10. Nc3 d6 11. Rad1 Rd8 12. Rfe1 Na6 13. b3 Be6 14. Qb2
Nc5 15. Ng5 h6 16. Nxe6 fxe6 17. e4 e5 18. Bh3 a6 19. Qe2 b5 20. Bf5 Qf7 21.
Rf1 b4 22. Nb1 a5 23. f4 g6 24. Bh3 Ncxe4 25. fxe5 Qa7+ 26. Kh1 dxe5 27. Bg2
Rxd1 28. Qxd1 Nf2+ 29. Rxf2 Qxf2 30. Bxc6 Rf8 31. Nd2 Rd8 32. Qb1 Kg7 33. Nf1
e4 34. Qa1 Qf3+ 35. Kg1 Rd1 36. Bxe4 Qxf1# 0-1

[Event "24th 4NCL Congress"]
[Site "Harrogate"]
[Date "2020.01.18"]
[Round "3.23"]
[White "Holi, Siefaldin A"]
[Black "Parry, Jacques H"]
[Result "1/2-1/2"]
[WhiteElo "1728"]
[BlackElo "1616"]
[PlyCount "124"]
[EventDate "2020.01.17"]

1. d4 Nf6 2. c4 c5 3. e3 g6 4. Nc3 Bg7 5. Nge2 cxd4 6. exd4 d5 7. Ng3 Nc6 8. h4
h6 9. Be3 O-O 10. Qd2 Kh7 11. O-O-O Be6 12. c5 Ng4 13. h5 g5 14. Bd3+ Kh8 15.
Bb1 f5 16. f4 gxf4 17. Bxf4 b6 18. Rh4 bxc5 19. Rxg4 fxg4 20. Bxh6 Bxd4 21.
Bxf8 Qxf8 22. Rf1 Qg7 23. h6 Qg8 24. Nh5 Rf8 25. Nf4 Bf5 26. Ncxd5 Bxb1 27.
Kxb1 e5 28. Qc2 exf4 29. Nxf4 Ne5 30. h7 Qxh7 31. Qxh7+ Kxh7 32. Rh1+ Kg8 33.
g3 Rb8 34. b3 c4 35. Kc2 cxb3+ 36. axb3 Rc8+ 37. Kb1 Rc3 38. Ka2 Rxg3 39. Rd1
Nf3 40. Rd3 Rg1 41. b4 Ra1+ 42. Kb3 Bb6 43. Nd5 Rh1 44. Nf6+ Kf7 45. Nxg4 Ng5
46. Ne5+ Ke6 47. Nc4 Rh3 48. Rxh3 Nxh3 49. Ka4 Kd7 50. Kb5 Kc7 51. Ka6 Ng5 52.
Na3 Ne4 53. Nb5+ Kb8 54. Na3 Nc3 55. Nc4 Kc7 56. Na3 Kd7 57. Kb7 Ke6 58. Nc4
Nd5 59. b5 Kd7 60. Ne5+ Kd6 61. Nc6 Kc5 62. Nxa7 Bxa7 1/2-1/2

[Event "24th 4NCL Congress"]
[Site "Harrogate"]
[Date "2020.01.18"]
[Round "3.24"]
[White "Tait, Bill"]
[Black "Grice, Alec"]
[Result "0-1"]
[WhiteElo "1710"]
[BlackElo "1570"]
[PlyCount "80"]
[EventDate "2020.01.17"]

1. e4 c5 2. Nc3 Nc6 3. f4 g6 4. Nf3 Bg7 5. d3 e6 6. g3 Nge7 7. Bg2 O-O 8. O-O
d5 9. e5 Nf5 10. Bd2 Ncd4 11. Ne2 Nxf3+ 12. Bxf3 Bd7 13. Kh1 Bc6 14. Nc3 Qc7
15. Qe1 d4 16. Ne4 h5 17. h3 Qe7 18. Kh2 h4 19. g4 Bxe4 20. dxe4 Ng3 21. Rf2 f6
22. exf6 Bxf6 23. e5 Bg7 24. a4 Bh6 25. g5 Bg7 26. Ra3 Rad8 27. Bg4 Nf5 28.
Bxf5 Rxf5 29. Rg2 c4 30. Qxh4 c3 31. Bc1 Qc5 32. Qg3 cxb2 33. Bxb2 Rxe5 34. Qf3
Red5 35. Qd3 Rf5 36. Bc1 e5 37. Rf2 Qc6 38. Kg3 e4 39. Qb3+ Kh7 40. Qb5 Rxb5
0-1

[Event "24th 4NCL Congress"]
[Site "Harrogate"]
[Date "2020.01.19"]
[Round "4.1"]
[White "Obi, Marc On"]
[Black "Kenning, Paul H"]
[Result "1/2-1/2"]
[WhiteElo "1783"]
[BlackElo "1851"]
[PlyCount "52"]
[EventDate "2020.01.17"]

1. d4 d6 2. Bf4 Nf6 3. Nc3 Nbd7 4. Nf3 Nh5 5. Qd2 Nxf4 6. Qxf4 g6 7. e4 Bg7 8.
O-O-O c5 9. Bc4 O-O 10. Qe3 a6 11. dxc5 Nxc5 12. e5 b5 13. exd6 exd6 14. Bd5
Ra7 15. Rhe1 Rc7 16. Qf4 Qf6 17. Qxf6 Bxf6 18. Ne4 Nxe4 19. Bxe4 Be5 20. Nxe5
dxe5 21. Rd6 Re8 22. Red1 Kg7 23. b3 Ree7 24. Kb2 Rc5 25. Bd5 Rec7 26. c4 f5
1/2-1/2

[Event "24th 4NCL Congress"]
[Site "Harrogate"]
[Date "2020.01.19"]
[Round "4.2"]
[White "Bagley, Andy J"]
[Black "Samarasinghe, Jude Ranga"]
[Result "0-1"]
[WhiteElo "1833"]
[BlackElo "1895"]
[PlyCount "70"]
[EventDate "2020.01.17"]

1. d4 f5 2. e4 fxe4 3. Nc3 Nf6 4. Bg5 c6 5. f3 exf3 6. Nxf3 Qb6 7. Na4 Qa5+ 8.
c3 d6 9. b4 Qc7 10. Bd3 Bg4 11. O-O Nbd7 12. Qb3 O-O-O 13. c4 Bxf3 14. Rxf3 e5
15. dxe5 Nxe5 16. Bf5+ Kb8 17. Rff1 h6 18. Bxf6 gxf6 19. b5 cxb5 20. cxb5 d5
21. Rac1 Qd6 22. Rfd1 Be7 23. Be4 Ng4 24. g3 Qe5 25. Bf3 Ne3 26. Rd3 d4 27. b6
a6 28. Rc7 Nd5 29. Bxd5 Rxd5 30. Qd1 Bd6 31. Rc2 Re8 32. Kf1 Qf5+ 33. Rf2 Qh3+
34. Kg1 Rde5 35. Rf1 Re2 0-1

[Event "24th 4NCL Congress"]
[Site "Harrogate"]
[Date "2020.01.19"]
[Round "4.3"]
[White "Davies, Sam"]
[Black "Ormerod, Stephen"]
[Result "0-1"]
[WhiteElo "1788"]
[BlackElo "1877"]
[PlyCount "70"]
[EventDate "2020.01.17"]

1. d4 Nf6 2. c4 e6 3. Nc3 Bb4 4. f3 d5 5. a3 Bxc3+ 6. bxc3 b6 7. cxd5 exd5 8.
e3 O-O 9. Bd3 Bb7 10. Ne2 Re8 11. O-O Nbd7 12. Ng3 c5 13. Re1 Qc7 14. Bb2 h5
15. Qb1 c4 16. Bc2 Nf8 17. e4 h4 18. Nf1 dxe4 19. fxe4 Ne6 20. Bc1 Nf4 21. h3
Nxg2 22. Kxg2 Nxe4 23. Bxe4 Rxe4 24. Rxe4 f5 25. Qb2 Bxe4+ 26. Kg1 Re8 27. Qf2
Re6 28. Qf4 Rg6+ 29. Kf2 Rg2+ 30. Ke1 Qc6 31. a4 Bd3 32. Be3 Re2+ 33. Kd1 Qg2
34. Qb8+ Kh7 35. Qf4 Re1+ 0-1

[Event "24th 4NCL Congress"]
[Site "Harrogate"]
[Date "2020.01.19"]
[Round "4.4"]
[White "Coop, Brian H"]
[Black "Kane, Robert"]
[Result "1/2-1/2"]
[WhiteElo "1913"]
[BlackElo "1763"]
[PlyCount "80"]
[EventDate "2020.01.17"]

1. e4 c6 2. d4 d5 3. e5 Bf5 4. Nf3 e6 5. Be2 a6 6. O-O c5 7. c4 Nc6 8. cxd5
exd5 9. Nc3 c4 10. Re1 h6 11. Be3 g5 12. Nd2 Nge7 13. Nf1 g4 14. Bxg4 Qd7 15.
Bh5 Nb4 16. e6 Bxe6 17. b3 Nd3 18. Re2 b5 19. bxc4 bxc4 20. Na4 Rb8 21. Ng3 Bg7
22. Bf3 Bg4 23. Bxg4 Qxg4 24. h3 Qg6 25. Rb1 O-O 26. Kh2 Nxf2 27. Bxf2 Rxb1 28.
Qd2 Nf5 29. Nc3 Nxg3 30. Bxg3 Rf1 31. Nxd5 Qd3 32. Ne3 Qxd2 33. Rxd2 Rc1 34.
Nf5 c3 35. Rd3 Re8 36. Bf4 Rf1 37. Rg3 Rxf4 38. Nxg7 Kf8 39. Nxe8 Kxe8 40. Rxc3
Rxd4 1/2-1/2

[Event "24th 4NCL Congress"]
[Site "Harrogate"]
[Date "2020.01.19"]
[Round "4.5"]
[White "Stephenson, David W"]
[Black "Graham, Oliver"]
[Result "0-1"]
[WhiteElo "1793"]
[BlackElo "1908"]
[PlyCount "138"]
[EventDate "2020.01.17"]

1. d4 Nf6 2. Nf3 e6 3. e3 d5 4. Bd3 Bd6 5. b3 Nbd7 6. Bb2 b6 7. O-O Bb7 8. Nbd2
O-O 9. Ne5 Bxe5 10. dxe5 Ne4 11. Bxe4 dxe4 12. Qg4 Qe7 13. Nxe4 Bxe4 14. Qxe4
Nc5 15. Qg4 Rfd8 16. Rad1 Rd5 17. e4 Rxd1 18. Rxd1 Rd8 19. Bd4 Nb7 20. Be3
Rxd1+ 21. Qxd1 Qd8 22. Qg4 Kh8 23. h4 Na5 24. f4 Nc6 25. g3 Nb4 26. Qe2 Nxa2
27. Kh2 Nb4 28. f5 c5 29. h5 Qd7 30. f6 g6 31. hxg6 fxg6 32. Qf2 Kg8 33. Bh6
Nc6 34. Qf4 Nd8 35. Qf1 Nf7 36. Bf4 g5 37. Be3 h6 38. Qa1 Kh7 39. Kg2 Qc7 40.
Bc1 Qxe5 41. Qxa7 Qxe4+ 42. Kf1 Qf5+ 43. Ke1 Qe5+ 44. Kd1 Qd4+ 45. Bd2 Qxf6 46.
Qxb6 Qf3+ 47. Kc1 Qd5 48. Bc3 Kg6 49. Kb2 h5 50. Qb8 e5 51. Qg8+ Kf5 52. Qh7+
Kg4 53. Qg6 e4 54. Qf6 e3 55. Qf1 Qf3 56. Qc4+ Kxg3 57. Qxc5 Kg2 58. Be1 h4 59.
b4 h3 60. Qc8 h2 61. b5 h1=Q 62. Bc3 Kf2 63. b6 Qc6 64. Qf5+ Qhf3 65. Qh7 Qxb6+
66. Kc1 Qc7 67. Qd3 Qh1+ 68. Kb2 Qb6+ 69. Ka3 Qa8+ 0-1

[Event "24th 4NCL Congress"]
[Site "Harrogate"]
[Date "2020.01.19"]
[Round "4.6"]
[White "Curras Lorenzo, Guillermo"]
[Black "Hilton, Tim"]
[Result "0-1"]
[WhiteElo "1765"]
[BlackElo "1892"]
[PlyCount "62"]
[EventDate "2020.01.17"]

1. e4 e5 2. Nf3 Nc6 3. d4 exd4 4. Bc4 Nf6 5. e5 Ne4 6. O-O d5 7. Bb5 Bd7 8.
Bxc6 bxc6 9. Nxd4 Bc5 10. Be3 Bb6 11. f3 Ng5 12. f4 Ne4 13. Nd2 Nxd2 14. Qxd2
c5 15. Ne2 d4 16. Bf2 Bc6 17. f5 O-O 18. f6 gxf6 19. exf6 Qd5 20. Nf4 Qg5 21.
Bg3 Rfe8 22. Rae1 c4 23. Kh1 Rad8 24. b3 c3 25. Qd1 Be4 26. Nd3 h5 27. Rf4 Bxd3
28. cxd3 c2 29. Qd2 Rxe1+ 30. Bxe1 Ba5 31. Rxd4 Bxd2 0-1

[Event "24th 4NCL Congress"]
[Site "Harrogate"]
[Date "2020.01.19"]
[Round "4.7"]
[White "Burns, Martin J"]
[Black "Whitehead, Mark A"]
[Result "1/2-1/2"]
[WhiteElo "1878"]
[BlackElo "1755"]
[PlyCount "44"]
[EventDate "2020.01.17"]

1. e4 c5 2. Nf3 e6 3. Nc3 Nc6 4. d4 cxd4 5. Nxd4 a6 6. Nxc6 bxc6 7. Bd3 d5 8.
exd5 cxd5 9. O-O Nf6 10. Re1 Be7 11. Bf4 O-O 12. Qf3 Bb7 13. Qh3 Re8 14. Rad1
g6 15. Bh6 Qc7 16. Bg5 Ne4 17. Bxe7 Rxe7 18. Bxe4 dxe4 19. Qe3 f5 20. g3 Rd8
21. Rxd8+ Qxd8 22. Qg5 Rd7 1/2-1/2

[Event "24th 4NCL Congress"]
[Site "Harrogate"]
[Date "2020.01.19"]
[Round "4.8"]
[White "Heald, Carl"]
[Black "Riding, Mick D"]
[Result "1/2-1/2"]
[WhiteElo "1756"]
[BlackElo "1854"]
[PlyCount "82"]
[EventDate "2020.01.17"]

1. d4 Nf6 2. c4 g6 3. Nc3 Bg7 4. g3 O-O 5. Bg2 d6 6. Nf3 c6 7. e4 Nbd7 8. O-O
e5 9. h3 Qb6 10. Na4 Qc7 11. Nc3 a5 12. Be3 exd4 13. Nxd4 Nc5 14. Qc2 Bd7 15.
Kh2 Rfe8 16. f3 Rac8 17. Rac1 Ne6 18. Qd2 Qb8 19. Rfd1 Nxd4 20. Bxd4 Be6 21. b3
b5 22. cxb5 cxb5 23. Ne2 b4 24. Nf4 Rcd8 25. Qb2 Nh5 26. Nxh5 Bxd4 27. Rxd4
gxh5 28. Qd2 Qb5 29. Bf1 Qe5 30. f4 Qf6 31. Rd1 h4 32. g4 Rc8 33. Rxd6 Rc3 34.
e5 Qe7 35. Bg2 Rec8 36. Rd8+ Rxd8 37. Qxd8+ Qxd8 38. Rxd8+ Kg7 39. Rd2 a4 40.
g5 Bxb3 41. axb3 Rxb3 1/2-1/2

[Event "24th 4NCL Congress"]
[Site "Harrogate"]
[Date "2020.01.19"]
[Round "4.9"]
[White "Mckerracher, Douglas"]
[Black "Macdonald, Ciaran"]
[Result "1/2-1/2"]
[WhiteElo "1852"]
[BlackElo "1640"]
[PlyCount "119"]
[EventDate "2020.01.17"]

1. e4 c6 2. d3 d5 3. Nd2 e5 4. Ngf3 Bd6 5. g3 Nf6 6. Bg2 O-O 7. O-O Qc7 8. Re1
Re8 9. h3 d4 10. c3 c5 11. Nc4 Nc6 12. Bg5 Bf8 13. a4 Be6 14. Nh4 Rad8 15. Bxf6
gxf6 16. Qf3 dxc3 17. bxc3 Qd7 18. Rad1 Bxc4 19. dxc4 Qe6 20. Bf1 Ne7 21. Kh2
Bh6 22. Nf5 Nxf5 23. exf5 Qe7 24. Bg2 b6 25. Qh5 Bg7 26. Bd5 Rd7 27. Re4 h6 28.
Rg4 Kf8 29. Re1 Rd6 30. Ree4 Red8 31. Rh4 Ke8 32. Qe2 Qd7 33. Rhg4 Kf8 34. Qf3
Qxa4 35. Re1 Qd7 36. Rd1 Qc7 37. Rb1 a6 38. Re4 b5 39. Re2 Qa5 40. Ree1 b4 41.
cxb4 cxb4 42. Qb3 Rb8 43. Re2 Qc5 44. Ra2 a5 45. Rba1 Ra6 46. Kg2 Rab6 47. Rb1
Ra6 48. Ra4 Kg8 49. Kf1 Bf8 50. Qf3 Kg7 51. Qg4+ Kh8 52. Bxf7 Bg7 53. Bd5 Rab6
54. Qf3 Ra6 55. Kg2 Rab6 56. g4 Kh7 57. h4 Ra6 58. g5 fxg5 59. hxg5 Rf8 60. Rh1
1/2-1/2

[Event "24th 4NCL Congress"]
[Site "Harrogate"]
[Date "2020.01.19"]
[Round "4.10"]
[White "May, Paul"]
[Black "Barber, Andrew M"]
[Result "0-1"]
[WhiteElo "1753"]
[BlackElo "1822"]
[PlyCount "106"]
[EventDate "2020.01.17"]

1. d4 Nf6 2. c4 g6 3. Nc3 Bg7 4. e4 d6 5. Be2 O-O 6. Bg5 Na6 7. f4 c5 8. d5 Nc7
9. Qd2 h6 10. Bh4 b5 11. cxb5 a6 12. bxa6 Bxa6 13. Bxa6 Nxa6 14. Nge2 Qa5 15.
Rd1 Rfe8 16. O-O Nd7 17. Rf3 Nb6 18. Rg3 Nc4 19. Qc1 Bf6 20. Rh3 Kg7 21. b3 Na3
22. f5 g5 23. Rg3 Rg8 24. Rg4 Nb5 25. Be1 Nxc3 26. Nxc3 Nb4 27. Na4 Nxa2 28.
Qc4 Nb4 29. Bc3 Bxc3 30. Qxc3+ f6 31. h4 Qb5 32. hxg5 hxg5 33. Rxg5+ Kf7 34.
Rxg8 Rxg8 35. Qc4 Qe8 36. Qe2 Rg5 37. Rd2 Qh8 38. Qf3 Qh4 39. Qe3 Rg3 40. Qf2
Qg5 41. Nb2 Rxb3 42. Qe2 Re3 43. Qf2 Rxe4 44. Nd1 Rf4 45. Qe2 Qxf5 46. Ne3 Qe5
47. g3 Re4 48. Qh2 Rxe3 49. Qh7+ Ke8 50. Qg8+ Kd7 51. Kh2 Re2+ 52. Rxe2 Qxe2+
53. Kh3 Qh5+ 0-1

[Event "24th 4NCL Congress"]
[Site "Harrogate"]
[Date "2020.01.19"]
[Round "4.11"]
[White "Williamson, Graham Ag"]
[Black "Walshaw, David"]
[Result "1-0"]
[WhiteElo "1809"]
[BlackElo "1631"]
[PlyCount "99"]
[EventDate "2020.01.17"]

1. d4 g6 2. Bf4 Bg7 3. e3 d6 4. Nf3 Nd7 5. c3 e5 6. Bg3 Nh6 7. Bc4 O-O 8. Nbd2
a6 9. a3 b5 10. Ba2 Bb7 11. O-O e4 12. Ne1 Kh8 13. c4 Nf5 14. Rc1 Nxg3 15. hxg3
c5 16. Nc2 Qb6 17. dxc5 Nxc5 18. b4 Nd3 19. Rb1 Rac8 20. Qe2 Bc3 21. cxb5 axb5
22. Nb3 Bg7 23. Nbd4 d5 24. f3 f5 25. f4 Rc3 26. Bb3 Bf6 27. g4 fxg4 28. Qxg4
Bc8 29. Qg3 Qb7 30. Kh2 Qd7 31. Rh1 Re8 32. Kg1 Ba6 33. Qxg6 Bxd4 34. Nxd4 Rg8
35. Qxa6 Qg7 36. Rh2 Nxf4 37. Qh6 Rxe3 38. Qxg7+ Rxg7 39. Nf5 Ne2+ 40. Kf2 Rxb3
41. Rxb3 Nc1 42. Nxg7 Nxb3 43. Ne6 d4 44. Rh3 e3+ 45. Ke1 Kg8 46. Nxd4 Nxd4 47.
Rxe3 Nc2+ 48. Kd2 Nxe3 49. Kxe3 Kf7 50. Kd4 1-0

[Event "24th 4NCL Congress"]
[Site "Harrogate"]
[Date "2020.01.19"]
[Round "4.12"]
[White "Bielby, Paul R"]
[Black "Connor, Michael I"]
[Result "1-0"]
[WhiteElo "1902"]
[BlackElo "1576"]
[PlyCount "63"]
[EventDate "2020.01.17"]

1. e4 Nf6 2. Nc3 d5 3. e5 Nfd7 4. f4 d4 5. Nb5 Nb6 6. Nf3 c5 7. Be2 Nc6 8. O-O
a6 9. Na3 Nd5 10. d3 b5 11. Bd2 e6 12. c3 dxc3 13. bxc3 b4 14. cxb4 cxb4 15.
Nc4 Bc5+ 16. Kh1 O-O 17. Rc1 Qe7 18. Qe1 Bb7 19. Ng5 Nd4 20. Ne4 Ba7 21. Ncd6
Bc6 22. Bf3 a5 23. Be3 Nxe3 24. Qxe3 Nb3 25. Qe2 Nxc1 26. Rxc1 Bd5 27. Qe1 Bxa2
28. Qg3 Rad8 29. Nf6+ Kh8 30. Qh4 gxf6 31. exf6 Qxd6 32. Be4 1-0

[Event "24th 4NCL Congress"]
[Site "Harrogate"]
[Date "2020.01.19"]
[Round "4.13"]
[White "Murphy, Ross"]
[Black "Taylor, Robert P"]
[Result "0-1"]
[WhiteElo "1639"]
[BlackElo "1689"]
[PlyCount "52"]
[EventDate "2020.01.17"]

1. c4 Nf6 2. Nc3 c6 3. d4 d5 4. cxd5 cxd5 5. Qc2 Nc6 6. Nf3 e6 7. Bg5 Bd7 8. e3
a6 9. a3 Rc8 10. Bd3 h6 11. Bh4 Be7 12. Qe2 O-O 13. O-O Re8 14. Rad1 b5 15. Bb1
b4 16. Qd3 bxc3 17. Bxf6 Bxf6 18. Qh7+ Kf8 19. bxc3 Qa5 20. e4 dxe4 21. Bxe4
Qxc3 22. d5 exd5 23. Bxd5 Ne7 24. Rfe1 Bf5 25. Qh8+ Ng8 26. h3 g5 0-1

[Event "24th 4NCL Congress"]
[Site "Harrogate"]
[Date "2020.01.19"]
[Round "4.14"]
[White "Pal, Rohan"]
[Black "Jones, Neil T"]
[Result "0-1"]
[WhiteElo "1496"]
[BlackElo "1806"]
[PlyCount "80"]
[EventDate "2020.01.17"]

1. e4 c6 2. d4 d5 3. exd5 cxd5 4. Bd3 Nc6 5. c3 Qc7 6. Ne2 Bg4 7. O-O e6 8. f3
Bh5 9. Bf4 Bd6 10. Bxd6 Qxd6 11. Qb3 Qc7 12. Nd2 Nge7 13. Rae1 O-O 14. f4 Bg6
15. Bxg6 hxg6 16. Nf3 Nf5 17. Ne5 Rac8 18. Rf3 b5 19. Ng3 Nh4 20. Rfe3 a6 21.
Qd1 Nxe5 22. fxe5 Qe7 23. Qg4 Rc6 24. Ne2 Nf5 25. Rh3 Nh6 26. Qf4 g5 27. Qd2 f5
28. exf6 Rxf6 29. Rg3 Nf7 30. Nc1 a5 31. Nd3 Rc8 32. Ne5 Nd6 33. Qxg5 Ne4 34.
Ng6 Qf7 35. Qh5 Rxg6 36. Rxe4 Rf8 37. Qe2 dxe4 38. Rxg6 Qxg6 39. Qxb5 e3 40.
Qe5 Qb1# 0-1

[Event "24th 4NCL Congress"]
[Site "Harrogate"]
[Date "2020.01.19"]
[Round "4.15"]
[White "Tomlinson, Zak"]
[Black "Tarbuck, Laurence Jm"]
[Result "1-0"]
[WhiteElo "1745"]
[BlackElo "1713"]
[PlyCount "85"]
[EventDate "2020.01.17"]

1. e4 a6 2. Nf3 d6 3. d4 Nf6 4. Nc3 b5 5. a3 g6 6. Bd3 Bb7 7. Qe2 Nbd7 8. Bg5
e5 9. dxe5 dxe5 10. Nd5 Bg7 11. Rd1 c6 12. Nxf6+ Bxf6 13. Be3 Qc7 14. O-O O-O
15. c4 Rfd8 16. Rc1 Qd6 17. Rfd1 Qf8 18. c5 Be7 19. b4 Qg7 20. Rd2 Nf8 21. Rcd1
Ne6 22. Bc2 Rxd2 23. Nxd2 Rd8 24. Nb3 Qf8 25. Na5 Ba8 26. Rd2 Rxd2 27. Qxd2 Bd8
28. Nb3 Qe7 29. Qd6 Qxd6 30. cxd6 Bb7 31. Bd1 h5 32. g4 h4 33. g5 Bxg5 34. Bxg5
Nxg5 35. Nc5 Bc8 36. d7 Bxd7 37. Nxd7 Nxe4 38. Bc2 Nd6 39. Nxe5 Kg7 40. Nxc6
Nc4 41. a4 bxa4 42. Bxa4 Kf6 43. Bd1 1-0

[Event "24th 4NCL Congress"]
[Site "Harrogate"]
[Date "2020.01.19"]
[Round "4.16"]
[White "Hall, David G"]
[Black "Grice, Alec"]
[Result "0-1"]
[WhiteElo "1722"]
[BlackElo "1570"]
[PlyCount "108"]
[EventDate "2020.01.17"]

1. d4 Nf6 2. Nf3 e6 3. c4 Bb4+ 4. Bd2 a5 5. g3 O-O 6. Bg2 d6 7. O-O Bxd2 8.
Qxd2 Nbd7 9. Nc3 Re8 10. e4 e5 11. h3 exd4 12. Nxd4 Nc5 13. Rfe1 Ne6 14. Rad1
Nxd4 15. Qxd4 Be6 16. b3 h5 17. f4 h4 18. f5 Bd7 19. g4 Bc6 20. c5 d5 21. exd5
Rxe1+ 22. Rxe1 Bd7 23. d6 Bc6 24. Re7 cxd6 25. cxd6 Bxg2 26. Kxg2 Rc8 27. Rxb7
Rxc3 28. Qxc3 Qxd6 29. Rc7 Qd5+ 30. Kf1 Qd1+ 31. Qe1 Qd3+ 32. Kg1 Qxh3 33. Rc2
Qxg4+ 34. Rg2 Qd4+ 35. Kh1 h3 36. Rg3 Ne4 37. Re3 Nf6 38. Rxh3 Qd5+ 39. Kg1
Qd4+ 40. Qf2 Qd1+ 41. Kg2 Ng4 42. Qf3 Qd2+ 43. Kg3 Nh6 44. Qf2 Qg5+ 45. Kf3
Qg4+ 46. Ke3 Qxh3+ 47. Kd2 Nxf5 48. Qc5 Qg2+ 49. Kc3 Qf3+ 50. Kb2 Qe2+ 51. Ka3
Qe7 52. Qxe7 Nxe7 53. Ka4 g5 54. Kxa5 g4 0-1

[Event "24th 4NCL Congress"]
[Site "Harrogate"]
[Date "2020.01.19"]
[Round "4.17"]
[White "O'gorman, Brendan"]
[Black "Cooper, Malcolm H"]
[Result "1/2-1/2"]
[WhiteElo "1632"]
[BlackElo "1847"]
[PlyCount "45"]
[EventDate "2020.01.17"]

1. c4 Nf6 2. Nc3 g6 3. e4 d6 4. d4 Bg7 5. Be2 O-O 6. f4 c5 7. Nf3 cxd4 8. Nxd4
Bd7 9. O-O Nc6 10. Be3 Nxd4 11. Bxd4 Bc6 12. Bf3 Qd7 13. Nd5 Bxd5 14. exd5 b5
15. b3 bxc4 16. bxc4 Rfc8 17. Rc1 Rab8 18. Be2 Rc7 19. Bd3 Qc8 20. f5 Nd7 21.
Bxg7 Kxg7 22. fxg6 hxg6 23. Rf4 1/2-1/2